The New Evolution Diet : The Smart Way To Lose Weight, Feel Great And Live Longer (Record no. 587617)
[ view plain ]
| 000 -LEADER | |
|---|---|
| fixed length control field | 00379nam a22001337a 4500 |
| 020 ## - INTERNATIONAL STANDARD BOOK NUMBER | |
| International Standard Book Number | 9780091929572 |
| 040 ## - CATALOGING SOURCE | |
| Transcribing agency | NUST |
| 082 ## - DEWEY DECIMAL CLASSIFICATION NUMBER | |
| Classification number | 613.25 DEV |
| 100 ## - MAIN ENTRY--PERSONAL NAME | |
| Personal name | De Vany, Arthur |
| 9 (RLIN) | 88405 |
| 245 ## - TITLE STATEMENT | |
| Title | The New Evolution Diet : The Smart Way To Lose Weight, Feel Great And Live Longer |
| 260 ## - PUBLICATION, DISTRIBUTION, ETC. | |
| Place of publication, distribution, etc. | London: |
| Name of publisher, distributor, etc. | Vermilion, |
| Date of publication, distribution, etc. | 2011. |
| 650 ## - SUBJECT ADDED ENTRY--TOPICAL TERM | |
| Topical term or geographic name entry element | Reducing diets. |
| 9 (RLIN) | 88406 |
| 942 ## - ADDED ENTRY ELEMENTS (KOHA) | |
| Source of classification or shelving scheme | |
| Koha item type | Book |
| Withdrawn status | Lost status | Source of classification or shelving scheme | Damaged status | Not for loan | Permanent Location | Current Location | Shelving location | Date acquired | Full call number | Barcode | Date last seen | Price effective from | Koha item type | Public note |
|---|---|---|---|---|---|---|---|---|---|---|---|---|---|---|
| College of Electrical & Mechanical Engineering (CEME) | College of Electrical & Mechanical Engineering (CEME) | General Stacks | 01/14/2022 | 613.25 DEV | CEME-50551 | 01/14/2022 | 01/14/2022 | Book | 4.0 |
